Cargando...

Management Information Systems: Managing the digital firm

Detalles Bibliográficos
Autor principal: Laudon, Kenneth C; Laudon, Jane Price
Formato: Printed Book
Publicado: Pearson Education, Delhi 2006
Edición:9 edition
Materias:
LEADER 00626nam a2200193 4500
020 |a 8177589415  |c 399 
082 |a 658.4038 LAU 
100 |a Laudon, Kenneth C; Laudon, Jane Price 
245 |a Management Information Systems: Managing the digital firm  |c Laudon, Kenneth C; Laudon, Jane Price 
250 |a 9 edition 
260 |a Pearson Education, Delhi  |c 2006 
300 |a 673 p 
490
500
590
650 |a Management Information Systems 
942 |c BK 
999 |c 139591  |d 139591 
952 |0 0  |1 0  |4 0  |6 658_403800000000000_LAU  |7 0  |9 153051  |a IMK  |b IMK  |g 399.00  |l 0  |o 658.4038 LAU  |p IMK06597  |r 2019-10-25  |w 2019-10-25  |y BK